000 00433pab a2200169 454500
008 180718b2000 xxu||||| |||| 00| 0 eng d
100 _aChengappa, Bidanda M.
245 _aThe ISI role in Pakistan's politics
260 _c2000
300 _ap.1857-878
362 _aFeb
650 _aISI
650 _aPakistan - Politics and government
650 _aPolitics and government
773 _aStrategic Analysis
909 _a43843
999 _c43843
_d43843